000
00218nam a2200097Ia 4500
008
240331s9999 xx 000 0 und d
082
_b
SEL
100
_a
Selvarajah, N
245
2
_a
A dictionary on environment
942
_c
L
999
_c
3232
_d
3232